Избранное

Detalles Bibliográficos
Autor Principal: Абрамов С. А. Сергей Александрович
Outros autores: Боровик Г. (автор предисловия)
Summary:Исключено из фонда НТБ ТПУ
Idioma:ruso
Publicado: Москва, Московский рабочий, 1988
Formato: MixedMaterials Libro
KOHA link:https://koha.lib.tpu.ru/cgi-bin/koha/opac-detail.pl?biblionumber=131330

MARC

LEADER 00000nam0a2200000 4500
001 131330
005 20231031134402.0
010 |a 5239005168 
020 |a RU  |b 88-64302 
035 |a (RuTPU)RU\TPU\book\142247 
090 |a 131330 
100 |a 20080215d1988 m y0rusy5003 ca 
101 0 |a rus 
102 |a RU 
105 |a y z 000ay 
200 1 |a Избранное  |f С. А. Абрамов  |g авт. предисл. Г. Боровик 
210 |a Москва  |c Московский рабочий  |d 1988 
215 |a 544 с.  |d 22 см 
333 |a Исключено из фонда НТБ ТПУ 
675 |a Р2  |z rus 
700 1 |a Абрамов  |b С. А.  |g Сергей Александрович  |4 070 
702 1 |a Боровик  |b Г.  |4 080 
801 0 |a RU  |b RuMRKP  |c 19950417  |g psbo 
801 1 |a RU  |b 63413507  |c 20080215  |g PSBO 
801 2 |a RU  |b 63413507  |c 20230209  |g PSBO 
942 |c BK